| 000 | 01246nam a2200217Ia 4500 | ||
|---|---|---|---|
| 003 | Ost | ||
| 005 | 20260416102355.0 | ||
| 008 | 260416s9999||||xx |||||||||||||| ||und|| | ||
| 040 | _cfsecg | ||
| 041 | _aara | ||
| 082 | _a338.5 | ||
| 100 |
_aشنوف، حكيم _eمؤلف |
||
| 245 | 0 |
_aمحاضرات في الإقتصاد الجزئي 01 : _bتحليل نظري و تطبيقي / _c حكيم شنوف |
|
| 260 |
_aالجزائر _bجامعة الجزائر3: كلية العلوم الإقتصادية، العلوم التجارية وعلوم التسيير _c2020 |
||
| 300 |
_a156 ورقة _bايضاحات _c30 سم |
||
| 504 | _aمراجع ص.155 | ||
| 520 | _aعلم الاقتصاد و المشكلة الاقتصادية و نظرية الطلب و نظرية العرض و توازن السوق و المرونات و تطبيقات على توازن السوق و التطرق الى نظرية سلوك المستهلك ( المنفعة القياسية ) و كذا ( منحنيات السواء) . | ||
| 653 | _aالاقتصاد الجزئي | ||
| 710 |
_aجامعة الجزائر3: كلية العلوم الإقتصادية، العلوم التجارية وعلوم التسيير _eناشر علمي |
||
| 942 | _cHANDOUT | ||
| 999 |
_c41191 _d41191 |
||